=LDR 00000nam 2200000 4500 =001 INLIS000000000002005 =005 20240112094503 =035 ##$$a 0010-0124000020 =007 ta =008 240112###########################0###### =020 ##$$a 978-602-6714-83-1 =082 ##$$a 092 =084 ##$$a 092 AFU b =100 #$$a A. Fuadi =245 1#$$a Buya Hamka /$c A Fuadi =250 ##$$a cet.1 =260 ##$$a Jakarta :$b Falcon Publishing,$c 2023 =300 ##$$a 364 hlm : $b ilus ; $c 23 cm